000 00556nam a2200217Ia 4500
003 OSt
005 20221005121906.0
006 a|||||r|||| 00| 0
007 ta
008 221004b |||||||| |||| 00| 0 tam d
024 _a51936
037 _cTextual
040 _aCRL
_cCRL
_btam
041 _2tam
_atam
082 _aT:5,7, 31L9
100 _aRamasubramanian
_9631203
245 0 _aInderviewkkalil vetti peruvatu appadi
650 _aEDUCATION
942 _hT:5,7, 31L9
_cTEXL
_2cc
999 _c1042579
_d1042579